LEADER 03052nam a2200553 u 4500 001 000000009114 003 CaOOAMICUS 005 20070226105153.0 008 940513s1978 it u000 u ita u 020 $a883119156X (v. 1) 020 $a8831191578 (v. 2) 035 $a10231108 040 $aPUL(R)$bita$dEFR 041 1 $aita$alat 100 0 $aAmbrosius,$cs., vesc. di Milano,$dc. 340-397.$0(OLS)http://pul/name/983 240 10$aExpositio evangelii secundum Lucam$9(Ambrosius, s., vesc. di Milano, c. 340-397).$lItaliano e latino.$0(OLS)http://pul/title/13389 245 10$aOpere esegetiche.$nIX/I-II,$pEsposizione del Vangelo secondo Luca /$csant'Ambrogio ; introduzione, traduzione, note e indici di Giuseppe Coppa. 246 30$aEsposizione del Vangelo secondo Luca 246 35$aExpositionis Evangelii secundum Lucam 246 38$aOpera omnia di sant'Ambrogio 260 $aMilano :$bBiblioteca Ambrosiana ;$aRoma :$bCittā Nuova,$c1978. 300 $a2 v. ;$c24 cm 490 1 $aTutte le opere di sant'Ambrogio 490 1 $aSancti Ambrosii episcopi mediolanensis opera ;$v11-12 500 $aComprende indici. 500 $aTesto latino con traduzione italiana a fronte. 504 $a"Bibliografia essenziale": v. 1, p. [65]-67. 505 1 $a[v. 1]. Libri I-IV -- [v. 2]. Libri VI-X. 630 04$aBiblia.$pN.T.$pLucas.$lLatino$xCommenti.$0(OLS)http://pul/subject/37879 700 1 $aCoppa, Giuseppe.$0(OLS)http://pul/name/9074 800 0 $aAmbrosius,$cs., vesc. di Milano,$dc. 340-397.$tOpere$9(Ambrosius, s., vesc. di Milano, c. 340-397)$lItaliano e latino ;$v11-12.$0(OLS)http://pul/nameTitle/12$0(OLS)http://pul/name/2126$0(OLS)http://pul/title/2924 830 0$aTutte le opere di sant'Ambrogio.$0(OLS)http://pul/title/2923 830 0$aSancti Ambrosii episcopi mediolanensis opera ;$v11-12.$0(OLS)http://pul/title/2922 850 $aPUL 852 $aPUL$W1$xSL Religione 1$y3$m21 L 11-12$j12858$nBK-PRI$b $qStampati$B12858$CPULBib$Z2$F12858 $H $81 852 $aPUL$W1$xSL Religione 1$y3$m21 L 11-12$j12858$nBK-PRI$b $qStampati$B12859$CPULBib$Z2$F12859 $H $81 900 $aAmbrogio,$cs., vescovo di Milano$dc. 340-397$9983 900 $aAmbrosius,$cMediolanensis,$dc. 340-397$9983 941 1 $a8 961 $aINV: 45874,45875 961 $aINV: 45874,45875 996 $6020$a883119156X (v. 1)$9(OLS)http://pul/number/11715 996 $6020$a8831191578 (v. 2)$9(OLS)http://pul/number/11716 996 $6245$aOpere esegetiche.$nIX/I-II,$pEsposizione del Vangelo secondo Luca$9(OLS)http://pul/title/13390 996 $6246$aEsposizione del Vangelo secondo Luca$9(OLS)http://pul/title/13391 996 $6246$aExpositionis Evangelii secundum Lucam$9(OLS)http://pul/title/13392 996 $6246$aOpera omnia di sant'Ambrogio$9(OLS)http://pul/title/2921 996 $6260$aMilano :$bBiblioteca Ambrosiana$9(OLS)http://pul/publisher/49058 996 $6260$aRoma :$bCittā Nuova$9(OLS)http://pul/publisher/47927 LEADER 01722nam a2200349 u 4500 001 000000083266 003 CaOOAMICUS 005 20070226123942.0 008 050502s1998 sz a u000 u ger u 020 $a3727811951 (Universitätsverlag) 020 $a352553308X (Vandenhoeck & Ruprecht) 035 $a11043939 040 $aPUL$bita 041 0 $ager$beng 100 1 $aBerlejung, Angelika.$0(OLS)http://pul/name/55135 245 14$aDie Theologie der Bilder :$bHerstellung und Einweihung von Kultbildern in Mesopotamien und die alttestamentliche Bilderpolemik /$cAngelika Berlejung. 260 $aFreiburg, Schweiz :$bUniversitätsverlag ;$aGöttingen :$bVandenhoeck & Ruprecht,$cc1998. 300 $axii, 547 p. :$bill. ;$c24 cm 490 1 $aOrbis biblicus et orientalis ;$v162 500 $aInclude indice. 504 $aBibliografia p. 485-531. 546 $aSommario in tedesco e inglese. 830 0$aOrbis biblicus et orientalis ;$v162.$0(OLS)http://pul/title/14045 850 $aPUL 852 $aPUL$W1$xSL Religione 3$y85$m220. 05 COLL 1.162$j105959$nBK-PRI$qDDC 21$B105959$CPULBib$Z2$F105959 $HPUL97935 $82 941 1 $a9 983 0$aOBO. 996 $6020$a3727811951 (Universitätsverlag)$9(OLS)http://pul/number/110343 996 $6020$a352553308X (Vandenhoeck & Ruprecht)$9(OLS)http://pul/number/110344 996 $6245$aDie Theologie der Bilder :$bHerstellung und Einweihung von Kultbildern in Mesopotamien und die alttestamentliche Bilderpolemik$9(OLS)http://pul/title/108593 996 $6260$aFreiburg, Schweiz :$bUniversitätsverlag$9(OLS)http://pul/publisher/48308 996 $6260$aGöttingen :$bVandenhoeck & Ruprecht$9(OLS)http://pul/publisher/47973